000 00316nam a2200157Ia 4500
100 _aJassawalla/ J.M.
650 _aGeneral
942 _cBK
654 _aVegetariarusm
245 _aVegetariarusm
260 _bSomaiya pub.
_c1985
082 _a179.3
_bJUS
300 _a116
546 _aENGLISH
999 _c20775
_d20775